<?xml version="1.0" encoding="UTF-8"?>
<collection xmlns="http://www.loc.gov/MARC21/slim">
 <record>
  <leader>00673pamaa2200193   4500</leader>
  <controlfield tag="001">0000050710</controlfield>
  <controlfield tag="005">20121212090000.0</controlfield>
  <controlfield tag="008">120927s2011                            eng  </controlfield>
  <datafield tag="020" ind1="0" ind2="0">
   <subfield code="a">9783846597477 (pbk.) </subfield>
  </datafield>
  <datafield tag="090" ind1="0" ind2="0">
   <subfield code="a">TK5103.2 </subfield>
   <subfield code="b">ALI 2011</subfield>
  </datafield>
  <datafield tag="100" ind1="1" ind2="0">
   <subfield code="a">Ali Eksim </subfield>
  </datafield>
  <datafield tag="245" ind1="1" ind2="0">
   <subfield code="a">Wireless packet data system design for multimedia service provisioning : </subfield>
   <subfield code="b">using multi-user diversity  </subfield>
   <subfield code="c">Ali Eksim.</subfield>
  </datafield>
  <datafield tag="260" ind1="0" ind2="0">
   <subfield code="a">Germany: </subfield>
   <subfield code="b">LAP Lambert Acdemic, </subfield>
   <subfield code="c">2011.</subfield>
  </datafield>
  <datafield tag="300" ind1=" " ind2=" ">
   <subfield code="a">xxv, 222p.: </subfield>
   <subfield code="b">ill.; </subfield>
   <subfield code="c">24.</subfield>
  </datafield>
  <datafield tag="501" ind1="0" ind2="0">
   <subfield code="a">FOEIT</subfield>
  </datafield>
  <datafield tag="504" ind1="0" ind2="0">
   <subfield code="a">Includes bibliographical references and index</subfield>
  </datafield>
  <datafield tag="650" ind1="0" ind2="0">
   <subfield code="a">Multimedia systems </subfield>
  </datafield>
  <datafield tag="650" ind1="0" ind2="0">
   <subfield code="a">Wireless communication systems </subfield>
  </datafield>
  <datafield tag="901" ind1=" " ind2=" ">
   <subfield code="u">www.lap-publishing.com</subfield>
  </datafield>
 </record>
</collection>
